The Dinosaur who lived in my backyard / (Record no. 6943)

MARC details
000 -LEADER
fixed length control field 00928nam a22002897a 4500
001 - CONTROL NUMBER
control field 6943
003 - CONTROL NUMBER IDENTIFIER
control field FISKH
005 - DATE AND TIME OF LATEST TRANSACTION
control field 20250611111617.0
008 - FIXED-LENGTH DATA ELEMENTS--GENERAL INFORMATION
fixed length control field 250611b cb ||||| |||| 00| 0 eng d
020 ## - INTERNATIONAL STANDARD BOOK NUMBER
International Standard Book Number 9780590476942
040 ## - CATALOGING SOURCE
Original cataloging agency FISKH
Language of cataloging eng
Transcribing agency FISKH
Modifying agency FISKH
050 ## - LIBRARY OF CONGRESS CALL NUMBER
Classification number PZ7.H3914 D
082 ## - DEWEY DECIMAL CLASSIFICATION NUMBER
Classification number 558
100 ## - MAIN ENTRY--PERSONAL NAME
Personal name Hennessy, B. G.
245 ## - TITLE STATEMENT
Title The Dinosaur who lived in my backyard /
Statement of responsibility, etc. H. G. Hennessy ; Pictures by Susan Davis
250 ## - EDITION STATEMENT
Edition statement First Scholastic printing, September 1993.
260 ## - PUBLICATION, DISTRIBUTION, ETC.
Place of publication, distribution, etc. New York :
Name of publisher, distributor, etc. Scholastic,
Date of publication, distribution, etc. 1988
300 ## - PHYSICAL DESCRIPTION
Extent 30 unnumbered pages :
Other physical details color illstrations ;
Dimensions 19 x 23 cm
505 ## - FORMATTED CONTENTS NOTE
Formatted contents note L<br/>
520 ## - SUMMARY, ETC.
Summary, etc. A young boy imagines what it was like long ago when a dinosaur lived in his backyard.
521 8# - TARGET AUDIENCE NOTE
Target audience note 520<br/>
Source Lexile AD<br/>
521 8# - TARGET AUDIENCE NOTE
Target audience note L<br/>
Source Raz-Plus<br/>
650 ## - SUBJECT ADDED ENTRY--TOPICAL TERM
Topical term or geographic name entry element Animals
Form subdivision Dinosaur
General subdivision Backyard
700 ## - ADDED ENTRY--PERSONAL NAME
Personal name Davis, Susan
Relator term illustrator
942 ## - ADDED ENTRY ELEMENTS (KOHA)
Source of classification or shelving scheme Dewey Decimal Classification
Koha item type Books
Suppress in OPAC No
Holdings
Withdrawn status Lost status Source of classification or shelving scheme Damaged status Not for loan Collection Home library Current library Shelving location Date acquired Total Checkouts Full call number Barcode Date last seen Copy number Price effective from Koha item type
    Dewey Decimal Classification     Juvenile Fiction Footprints International School Library Network Toul Kork Campus Footprints International School Library Network Toul Kork Campus TK Primary Library Room(4th Floor), Bookcase 3&4, Shelves 17-32, Yellow Books 06/11/2025   HEN 558 PZ7.H3914 D FISTK02538 06/11/2025 1 06/11/2025 Books